Las baladas del ajo /

Guardat en:
Dades bibliogràfiques
Autor principal: Mo, Yan (autor)
Format: Llibre
Idioma:espanyol
Publicat: Madrid, España : Kailas, 2012, c2008
Col·lecció:(Kailas Ficción ; 58)
Matèries:
Etiquetes: Afegir etiqueta
Sense etiquetes, Sigues el primer a etiquetar aquest registre!

MARC

LEADER 00000nam^a2200000^a^4500
001 000326011
005 20250521000000.0
008 121102 20122008
009 20260310113753.625
037 |a Acervo ITESO - Biblioteca 
041 |a ESP 
082 |a 895. 1  |b YAN 
100 |a Mo, Yan  |e (autor) 
245 1 4 |a Las baladas del ajo /  |c M. Yan ; tr. por Carlos Ossés. 
264 4 |a Madrid, España :  |b Kailas,  |c 2012, c2008 
300 |a 489 p. 
336 |a texto  |b txt  |2 rdacontenido 
337 |a sin mediación  |b n  |2 rdamedio 
338 |a volumen  |b nc  |2 rdasoporte 
440 1 |a (Kailas Ficción ;  |v 58) 
500 |a Traducción de: T' ien-t ang suan t' ai chich ko 
545 0 |a Mo Yan (Gaomi, provincia de Shandong, 1955), pseudónimo del escritor chino de lengua mandarín Guan Moye. Ingresa en 1975 al Ejército Popular de Liberación –las fuerzas armadas chinas- y nueve años después es nombrador profesor en la Escuela de Arte y Literatura del Ejército, período durante el que escribe la novela Lloviendo en una noche de primavera (1981) y la novela corta El rábano transparente (1984). Comienza a ser conocido en Occidente a raíz de la adaptación fílmica, dirigida por el cineasta Zhang Yimou, de Sorgo rojo (1987), saga narrativa de tres generaciones de una familia de Shandong que transcurre entre 1923 y 1976. Prosigue en el mismo estilo realista en Las baladas del ajo (1988) y nuevamente abarca casi un siglo de historia china, esta vez desde la perspectiva de una mujer, en Grandes pechos, amplias caderas (1996), mientras en La república del vino (1992) y La vida y la muerte me están desgastando (2006, Premio Newman de Literatura China 2009) usa la narrativa satírica como recurso crítico. Ha reunido algunos de sus relatos en el volumen Shifu, harías cualquier cosa por divertirte (1999) y ha sido reconocido por su novela Rana (2011) con el Premio de Literatura Mao Dun. Identificado por la crítica como un autor influido por el realismo social de su compatriota Lu Xun y el realismo mágico del colombiano Gabriel García Márquez, es el primer autor de lengua mandarín galardonado con el Premio Nobel de Literatura (2012). 
586 |a Premio Nobel de Literatura 2012 
649 |a XX 
650 |a Novela Política -  |z China 
650 |a Novela China 
650 |a Literatura y Política -  |z China 
650 |a Literatura China -  |y Siglo XX 
650 |a Movimientos Campesinos -  |z China -  |x Historia 
650 |a Zonas Rurales -  |z China 
910 |a Fondo General 
920 |a Impresos - Libros 
930 |a Colección General 
940 |a Literatura 
905 |a 101 
901 |a 0500217095  |b IT1  |c LIT  |i D60096  |u 20250521 
902 |a https://opac.biblio.iteso.mx/vufind/Record/000326011